Schaum`s Outline of theory and Problem`s of strength of Materials (Record no. 7222)

000 -LEADER
fixed length control field 00544nam a22002057a 4500
001 - CONTROL NUMBER
control field 7222
003 - CONTROL NUMBER IDENTIFIER
control field BD-DhUET
008 - FIXED-LENGTH DATA ELEMENTS--GENERAL INFORMATION
fixed length control field 141207b xxu||||| |||| 00| 0 eng d
020 ## - INTERNATIONAL STANDARD BOOK NUMBER
International Standard Book Number 070458944
040 ## - CATALOGING SOURCE
Original cataloging agency DLC
Transcribing agency DLC
Modifying agency BD-DhUET
082 ## - DEWEY DECIMAL CLASSIFICATION NUMBER
Classification number 620.11
Item number NAS/1972
100 ## - MAIN ENTRY--PERSONAL NAME
Personal name Nash,Willam A.
245 ## - TITLE STATEMENT
Title Schaum`s Outline of theory and Problem`s of strength of Materials
250 ## - EDITION STATEMENT
Edition statement 2nd ed.
260 ## - PUBLICATION, DISTRIBUTION, ETC. (IMPRINT)
Place of publication, distribution, etc. New York
Name of publisher, distributor, etc. Mcgraw - Hill
Date of publication, distribution, etc. 1972
300 ## - PHYSICAL DESCRIPTION
Extent 396 p.
490 ## - SERIES STATEMENT
Series statement Schaum's outline series
650 #0 - SUBJECT ADDED ENTRY--TOPICAL TERM
Topical term or geographic name as entry element Strength of materials
942 ## - ADDED ENTRY ELEMENTS (KOHA)
Koha item type General Book
Holdings
Withdrawn status Koha issues (times borrowed) Koha date last seen Piece designation (barcode) Koha normalized classification for sorting Date acquired Damaged status Lost status Koha item type Price effective from Location (home branch) Koha date last borrowed Sublocation or collection (holding branch) Koha renewals Not for loan Shelving location Koha full call number Copy number Source of classification or shelving scheme
 12022-09-1230119620_110000000000000_NAS_19722014-12-07  General Book2014-12-07Central Library, BUET2018-10-27Central Library, BUET2 Circulation section620.11/NAS/19721 
 12026-05-1134893620_110000000000000_NAS_19722015-01-29  General Book2015-01-29Central Library, BUET2026-05-09Central Library, BUET  Circulation section620.11/NAS/19722 
  2015-06-1530114620_110000000000000_NAS_19722015-06-15  Reading Item2015-06-15Central Library, BUET Central Library, BUET  Reading section620.11/NAS/19723 
  2015-06-1626295620_110000000000000_NAS_19722015-06-16  Reading Item2015-06-16Central Library, BUET Central Library, BUET  Reading section620.11/NAS/19724 
  2015-06-1626294620_110000000000000_NAS_19722015-06-16  Reading Item2015-06-16Central Library, BUET Central Library, BUET  Reading section620.11/NAS/19725 
  2015-06-1630128620_110000000000000_NAS_19722015-06-16  Reading Item2015-06-16Central Library, BUET Central Library, BUET  Reading section620.11/NAS/19726